[Event "CEF Winter-ch Division 1"]
[Site "Fontaine l'Eveque"]
[Date "2010.12.10"]
[Round "4.2"]
[White "Marchiano, Marco"]
[Black "Barreau, Renaud"]
[Result "1/2-1/2"]
[WhiteElo "1901"]
[BlackElo "1867"]
[PlyCount "26"]
[EventDate "2010.11.19"]
[EventType "tourn"]
[EventRounds "7"]
[EventCountry "BEL"]
[SourceTitle "EXT 2024"]
[Source "ChessBase"]
[SourceDate "2023.10.10"]
[SourceVersion "1"]
[SourceVersionDate "2023.10.10"]
[SourceQuality "1"]

1. d4 d5 2. Bf4 Nf6 3. e3 e6 4. Nf3 c5 5. c3 Nc6 6. Nbd2 Bd6 7. Bg3 0-0 8. Bd3 Qc7 9. Ne5 Nd7 10. Nxd7 Bxd7 11. Bxd6 Qxd6 12. f4 cxd4 13. cxd4 Nb4 1/2-1/2

[Event "BEL FEFB-ch op"]
[Site "Fontaine l'Eveque"]
[Date "2010.05.13"]
[Round "2"]
[White "Degembe, Pierre"]
[Black "Marchiano, Marco"]
[Result "1-0"]
[WhiteElo "2029"]
[BlackElo "1896"]
[PlyCount "117"]
[EventDate "2010.05.12"]
[EventType "swiss"]
[EventRounds "7"]
[EventCountry "BEL"]
[SourceTitle "EXT 2019"]
[Source "ChessBase"]
[SourceDate "2018.10.10"]
[SourceVersion "1"]
[SourceVersionDate "2018.10.10"]
[SourceQuality "1"]

1. c4 Nf6 2. g3 g6 3. Bg2 Bg7 4. Nc3 d6 5. d3 0-0 6. e3 c5 7. Nge2 Nc6 8. 0-0 Bd7 9. h3 Rb8 10. Rb1 a6 11. a4 Na7 12. d4 Qc8 13. dxc5 Qxc5 14. b3 b5 15. cxb5 axb5 16. b4 Qh5 17. a5 Bxh3 18. Nf4 Qxd1 19. Rxd1 Bxg2 20. Kxg2 Rfd8 21. Ncd5 Nxd5 22. Nxd5 e6 23. Nb6 Nc8 24. Nxc8 Rbxc8 25. Bb2 Bxb2 26. Rxb2 Rc4 27. Kf3 d5 28. Ra1 Ra8 29. Rd1 h5 30. Rd4 Kf8 31. Ke2 Ke7 32. Kd3 Ra6 33. f3 Kd6 34. e4 Rxd4+ 35. Kxd4 e5+ 36. Kd3 d4 37. f4 f6 38. fxe5+ fxe5 39. Rf2 Rc6 40. Rf6+ Kc7 41. Rf7+ Kb8 42. Re7 Rc4 43. Rxe5 Rxb4 44. Rg5 Rb1 45. Kxd4 Rg1 46. Rxb5+ Ka7 47. Rg5 Ra1 48. e5 Kb7 49. e6 Kc7 50. Rd5 Re1 51. Re5 Rd1+ 52. Kc5 Ra1 53. Kb5 Rb1+ 54. Ka6 Kd8 55. Rg5 Rg1 56. Kb5 Ke7 57. Rxg6 h4 58. a6 h3 59. a7 1-0

[Event "BEL FEFB-ch op"]
[Site "Fontaine l'Eveque"]
[Date "2009.05.30"]
[Round "2"]
[White "Marchiano, Marco"]
[Black "Gilles, Jean Claude"]
[Result "1-0"]
[WhiteElo "1939"]
[BlackElo "1887"]
[PlyCount "21"]
[EventDate "2009.05.29"]
[EventType "swiss"]
[EventRounds "7"]
[EventCountry "BEL"]
[SourceTitle "EXT 2012"]
[Source "ChessBase"]
[SourceDate "2011.11.24"]
[SourceVersion "1"]
[SourceVersionDate "2011.11.24"]
[SourceQuality "1"]

1. e4 c5 2. Nf3 d6 3. d4 cxd4 4. Nxd4 Nf6 5. Nc3 Nc6 6. Bc4 Qb6 7. Nf3 e6 8. Bb3 a6 9. Bf4 Nxe4 10. Nxe4 Qb4+ 11. Nfd2 1-0

[Event "BEL FEFB-ch op"]
[Site "Fontaine l'Eveque"]
[Date "2009.05.29"]
[Round "1"]
[White "Recloux, Georges"]
[Black "Marchiano, Marco"]
[Result "0-1"]
[WhiteElo "1472"]
[BlackElo "1939"]
[PlyCount "40"]
[EventDate "2009.05.29"]
[EventType "swiss"]
[EventRounds "7"]
[EventCountry "BEL"]
[SourceTitle "EXT 2012"]
[Source "ChessBase"]
[SourceDate "2011.11.24"]
[SourceVersion "1"]
[SourceVersionDate "2011.11.24"]
[SourceQuality "1"]

1. e4 e5 2. Nf3 Nc6 3. Bb5 a6 4. Bxc6 dxc6 5. 0-0 Bg4 6. d3 Qf6 7. Bg5 Bxf3 8. Bxf6 Bxd1 9. Bxg7 Bxg7 10. Rxd1 0-0-0 11. Nd2 Ne7 12. a4 f5 13. f3 h5 14. Re1 f4 15. a5 h4 16. h3 Rd6 17. Ra4 Rg8 18. Nb3 Bf8 19. c3 Rxd3 20. Re2 Rxf3 0-1

[Event "Hainaut-ch"]
[Site "Manage"]
[Date "2008.08.23"]
[Round "8.14"]
[White "Marchiano, Marco"]
[Black "Barbarossa, Frederic"]
[Result "1-0"]
[WhiteElo "1840"]
[BlackElo "1525"]
[PlyCount "113"]
[EventDate "2008.08.23"]
[EventType "swiss"]
[EventRounds "9"]
[EventCountry "BEL"]
[SourceTitle "EXT 2024"]
[Source "ChessBase"]
[SourceDate "2023.10.10"]
[SourceVersion "1"]
[SourceVersionDate "2023.10.10"]
[SourceQuality "1"]

1. e4 e6 2. d4 d5 3. exd5 exd5 4. Bd3 Nf6 5. h3 Be7 6. Qf3 Nc6 7. c3 0-0 8. Ne2 Be6 9. Bf4 Bd6 10. Nd2 Qd7 11. Bg5 Ne8 12. 0-0-0 Ne7 13. Rde1 f6 14. Bf4 c6 15. Qe3 Bf5 16. Bxd6 Nxd6 17. Ng3 Bxd3 18. Qxd3 Rfe8 19. Nh5 Qf5 20. Qg3 Qxh5 21. Qxd6 Qf7 22. Qg3 Nf5 23. Qf3 Nd6 24. Qg3 Ne4 25. Nxe4 Rxe4 26. f3 Ree8 27. Kd2 Rad8 28. Rxe8+ Rxe8 29. Re1 Rxe1 30. Kxe1 Qe7+ 31. Kd2 Kf7 32. Qg4 h6 33. Qh5+ Kg8 34. a4 Kh7 35. Qf5+ g6 36. Qf4 Kg7 37. b4 a6 38. a5 f5 39. Qe5+ Qxe5 40. dxe5 f4 41. Kd3 Kf7 42. Kd4 Ke6 43. Kc5 Kxe5 44. Kb6 Kd6 45. Kxb7 Kd7 46. Kxa6 Kc7 47. b5 cxb5 48. Kxb5 Kb7 49. Kc5 Ka6 50. Kxd5 Kxa5 51. Kc5 Ka4 52. Kd4 Kb5 53. Kd5 g5 54. c4+ Kb6 55. Kd6 Kb7 56. c5 Kc8 57. Ke6 1-0

[Event "Hainaut-ch"]
[Site "Manage"]
[Date "2008.08.23"]
[Round "2.7"]
[White "Marchiano, Marco"]
[Black "Barbier, Sigiswald"]
[Result "0-1"]
[WhiteElo "1840"]
[BlackElo "2029"]
[PlyCount "66"]
[EventDate "2008.08.23"]
[EventType "swiss"]
[EventRounds "9"]
[EventCountry "BEL"]
[SourceTitle "EXT 2024"]
[Source "ChessBase"]
[SourceDate "2023.10.10"]
[SourceVersion "1"]
[SourceVersionDate "2023.10.10"]
[SourceQuality "1"]

1. e4 c5 2. Nf3 g6 3. d4 cxd4 4. Nxd4 Nc6 5. Nc3 Bg7 6. Be3 Nf6 7. Bc4 0-0 8. Bb3 a5 9. f3 d5 10. Nxc6 bxc6 11. exd5 cxd5 12. Nxd5 Nxd5 13. Qxd5 Bxb2 14. Rd1 Ba6 15. Qxd8 Rfxd8 16. Kf2 Bc3 17. Bg5 Kf8 18. Bh6+ Bg7 19. Bxg7+ Kxg7 20. Rhe1 Kf6 21. g4 g5 22. Ke3 Rac8 23. Rxd8 Rxd8 24. a4 e6 25. Rh1 h6 26. h4 Rc8 27. hxg5+ hxg5 28. Kd2 Bb7 29. Rf1 Ke5 30. Rh1 Bxf3 31. Rf1 Kf4 32. Re1 Bxg4 33. c3 Bf3 0-1

[Event "Hainaut-ch"]
[Site "Manage"]
[Date "2008.08.23"]
[Round "4.18"]
[White "Marchiano, Marco"]
[Black "Deschuyteneer, Lucien"]
[Result "1/2-1/2"]
[WhiteElo "1840"]
[BlackElo "1464"]
[PlyCount "74"]
[EventDate "2008.08.23"]
[EventType "swiss"]
[EventRounds "9"]
[EventCountry "BEL"]
[SourceTitle "EXT 2024"]
[Source "ChessBase"]
[SourceDate "2023.10.10"]
[SourceVersion "1"]
[SourceVersionDate "2023.10.10"]
[SourceQuality "1"]

1. e4 e5 2. Bc4 Nf6 3. d3 Be7 4. f4 d6 5. Nf3 exf4 6. Bxf4 Bg4 7. 0-0 0-0 8. c3 c6 9. Qb3 b5 10. Bxf7+ Rxf7 11. Ng5 Qe8 12. d4 h6 13. Qxf7+ Qxf7 14. Nxf7 Kxf7 15. Bxd6 Bxd6 16. e5 Be7 17. Nd2 Kg8 18. exf6 Bxf6 19. Ne4 Nd7 20. Rae1 Bh5 21. Nxf6+ Nxf6 22. Re7 a5 23. Rc7 Be8 24. Re1 Nd5 25. Rb7 a4 26. a3 Rd8 27. Re4 Bf7 28. h4 h5 29. g4 hxg4 30. Rxg4 Re8 31. Kf2 Rf8 32. Ke1 Re8+ 33. Kd2 Nf6 34. Rg1 Ne4+ 35. Kc1 Nf6 36. Rc7 Re6 37. Kd1 Nd5 1/2-1/2

[Event "Charleroi TIPC op"]
[Site "Charleroi"]
[Date "2008.07.29"]
[Round "5"]
[White "Marchiano, Marco"]
[Black "Van de Wynkele, Eric"]
[Result "0-1"]
[WhiteElo "1948"]
[BlackElo "2071"]
[PlyCount "78"]
[EventDate "2008.07.26"]
[EventType "swiss"]
[EventRounds "9"]
[EventCountry "BEL"]
[SourceTitle "EXT 2009"]
[Source "ChessBase"]
[SourceDate "2008.11.26"]
[SourceVersion "1"]
[SourceVersionDate "2008.11.26"]
[SourceQuality "1"]

1. e4 Nf6 2. Nc3 e5 3. Bc4 d6 4. d3 c6 5. h3 Nbd7 6. Nf3 h6 7. Be3 b5 8. Bb3 Be7 9. Qd2 Qc7 10. 0-0 Nf8 11. Nh2 g5 12. f3 a5 13. a4 b4 14. Ne2 Ne6 15. Bxe6 Bxe6 16. b3 c5 17. Kf2 Qd7 18. Ng4 Nh5 19. Rh1 0-0-0 20. Rag1 Ng7 21. Ke1 h5 22. Nf2 f6 23. g4 d5 24. Qc1 Qc6 25. Ng3 c4 26. Nf5 Bxf5 27. exd5 Qxd5 28. dxc4 Qxf3 29. gxf5 Nxf5 30. Bb6 Rd6 31. c5 Nd4 32. Qd2 Qxh1 33. Rxh1 Nf3+ 34. Ke2 Rxd2+ 35. Kxf3 Rxc2 36. Ne4 f5 37. Nd6+ Bxd6 38. cxd6 g4+ 39. hxg4 hxg4+ 0-1